000 00564nam a22001697a 4500
005 20251108165245.0
008 250721s1991 xx 000 0 ara d
082 1 4 _a613.8/عزه
100 1 _aحجازي، عزه عبد الغني
245 1 0 _aالإدمان و الآداء الإنساني :
_bالفني - الرياضي - الأكاديمي /
264 1 _aالقاهرة :
_bالدار الفنية للنشر و التوزيع،
_c1991.
300 _a132ص
650 1 7 _aالمخدرات
650 1 7 _aالصحة
942 _2ddc
_cBK
999 _c23411
_d23411